01010naa#a2200193#i#4500001001600000005001700016011001400033100004100047101000800088102000700096200015300103210030700256215001000563608004500573686005800618700005200676700006400728856002400792RU\\bibl\12270920260514195604.4##a2782-6678##a20260504b2026####ek#y0rusy0150####ca0#aRUS##aRU1#aТрансформация границ лесостепной зоны: причины и последствияeЖурнальная статья1#aМоскваcФедеральное государственное бюджетное образовательное учреждение высшего образования "Московский государственный университет геодезии и картографии"d2026##a9 с.##aЖурнальная статья2local##aФизическая география. 39.192grnti#1aШакировgРустэм Равилевич#1aЛуговскойgАлександр Михайлович4#amiigaik.editorum.ru